000 01029nam a2200301 i 4500
001 bg
100 1 _aCARNE, Paul
245 1 0 _aCambridge practice tests for first certificate 2 :
_bself-study edition /
_cPaul Carne, Louise Hashemi and Barbara Thomas.
250 _a7th print.
260 _aCambridge :
_bCambridge University Press,
_c2000.
300 _aV, 194 s., 12 s.tabl.kolor. :
_bil. ;
_c24 cm +
_e2 taśmy dźw.
650 9 _aEgzaminy
_xszkolnictwo wyższe
650 9 _aJęzyk angielski
650 9 _aJęzyk angielski
_anauczanie
655 _aĆwiczenia i zadania
700 1 _aHASHEMI, Louise
700 1 _aTHOMAS, Barbara
020 _a0521499003 (Selfstudy edition)
020 _a052149902X (Cassette)
040 _cBPK
041 0 _aen
080 _a811.111(076):371.279.6
920 _a0-521-49900-3 (Self-study edition)
920 _a0-521-49902-X (Cassette)
942 _cKS
008 s pl f |000 0 pol
999 _c40783
_d40783
856 _uhttp://koha.tu.koszalin.pl/cgi-bin/koha/opac-detail.pl?biblionumber=40783
_yKatalog online BPK